00390nam a22001337a 4500003000800000005001700008008004100025040002100066082001600087110002000103245006300123260004200186300002800228BD-DhUL20170418155941.0170413s1972 nyu||||| |||| 00| 0 eng  aBD-DhULcBD-DhUL a674.82bUNW2 aUnited Nations 00aWood as a packaging material in the developing countries / aNew York : bUnited Nations , c1972. aviii, 111 p. ;c23 cm.